Introduction to Artificial Neural Systems

Αποθηκεύτηκε σε:
Λεπτομέρειες βιβλιογραφικής εγγραφής
Κύριος συγγραφέας: Zurada, J. M. (Jacek M.)
Μορφή: Βιβλίο
Γλώσσα:English
Δημοσίευση: St. Paul : West Publishing Company, c1992
Θέματα:
Ετικέτες: Προσθήκη ετικέτας
Δεν υπάρχουν, Καταχωρήστε ετικέτα πρώτοι!

MARC

LEADER 00000nam a2200000 i 4500
001 1/58220
008 951211s1992 eng d
020 |a 0-314-93391-3 
035 |a 1995  |c ΔΑΡΖΕΝΤΑΣ  |l 10045872 
040 |a GR-MY-UA  |b gre  |e aacr 
041 0 |a eng 
082 0 |a 006.3 
100 1 |a Zurada, J. M.  |q (Jacek M.) 
245 1 0 |a Introduction to Artificial Neural Systems /  |c Jacek M. Zurada 
260 |a St. Paul :   |b West Publishing Company,   |c c1992 
300 |a 119 p.;  |c 24 cm.+ 
500 |a Includes bibliographical references and index 
650 0 0 |a Neural networks (Computer science) 
852 |a INST  |b SAMOS  |e 19951211  |h 006.3 ZUR  |p 005300004751  |q 005300004751  |t BK  |y 0 
909 |a Σ  |b 040467